000 00303nam a22001217a 4500
008 180426b xxu||||| |||| 00| 0 eng d
041 _aeng
080 _a043.3
100 _a0
101 _aARK-BTH
245 _aInstitucion parashkollorë çerdhe dhe kopsht për fëmijë
_cSokoli, Q
942 _2udc
_cBK
999 _c45610
_d45610